| 000 | 00806nam a2200229 a 4500 | ||
|---|---|---|---|
| 001 | BRCA_2611 | ||
| 005 | 20190320203905.0 | ||
| 008 | 281108s1914----enka---###---#000-0#eng-u | ||
| 050 | 4 |
_aNE440 _b.W66 1914 |
|
| 245 | 1 | 0 |
_aWoodcuts and metal cuts of the fifteenth century chiefly the German school _cBritish Museum. Dept. of prints and drawings. |
| 260 |
_aLondon _bPrinted by order of the Trustees _c1914 |
||
| 300 |
_axii, 36 p. _bil., 48 láminas _c26 cm. |
||
| 500 | _aIncluye índice de láminas. | ||
| 500 | _aA74 | ||
| 650 | 1 | 4 |
_aGrabados _ySiglo XV _97450 |
| 650 | 1 | 4 |
_aGrabados en madera _ySiglo XV _97451 |
| 650 | 1 | 4 |
_aGrabado _xHistoria _91591 |
| 650 | 1 | 4 |
_aGalerías y museos _zInglaterra _97452 |
| 710 | 2 |
_aBritish Museum. _bDept. of prints and drawings. _97453 |
|
| 902 | _aGFM | ||
| 942 |
_2lcc _cB |
||
| 999 |
_c2351 _d2351 |
||